000 02107nam a22003977a 4500
003 DO-SdBNP
005 20260321073644.0
007 ta
008 210428e2019 dr ac||erb||| 001 e spa d
020 _a9789945909876
040 _aDO-SdBNP
_bspa
_cBNPHU
041 _hspa
082 2 _a923.27293
_bB742B, 2019
_222
100 1 _aBosch Carcuro, Matías,
_975461
_d1977-
245 1 3 _aPrefiero vivir luchando :
_bbiografía de Juan Bosch en primera persona /
_cMatías Bosch Carcuro ; Janley Rivera, editor ; Ángela Hernández Núñez, prólogo
250 _a2a. ed. aumentada
264 _aSanto Domingo :
_bFundación Juan Bosch,
_c2019
300 _a430 p. :
_bIlustraciones., retratos. ;
_c23 cm.
336 _2rdaconten
_atexto
_btxt
337 _2rdamedia
_asin medición
_bn
338 _2rdacarrier
_avolumen
_bnc
490 _aBosch vive;
_v18
500 _aIncluye índice onomástico
500 _aIncluye referencias bibliográficas y notas al pie de las páginas.-
505 0 _aPalabras de presentación a la segunda edición.-
505 0 _aA modo de prólogo, unas palabras.
505 0 _aPresentación a la primera edición.-
_gCapítulo I.
_tLos años más tiernos.-
_gCapítulo II.
_t"Yo sé hacer lo que sea".-
_gCapítulo III.
_tComo si le hubieran abierto una vena.-
_gCapítulo IV.
_tVolver a nacer.-
_gCapítulo V.
_tEl tiempo de las armas.-
_gCapítulo VI.
_tNo perecerá la libertad.-
_tCapítulo VII.
_g"No voy a morir en la mentira.-
_gCapítulo VIII.
_tCulminar lo que Duarte comenzó.-
_gCapítulo IX.
_tMientras esté vivo, estaré luchando.-
_gAnexo I.
_tPaíses en los que permaneció Juan Bosch.-
_gAnexo II.
_tTextos utilizados en la elaboración de esta biografía.-
_tÍndice onomástico.-
590 _aInventariado, 2021 / MF
600 1 0 _a Bosch, Juan,
_d1909-2001
_976555
650 4 _aPresidentes
_zRepública Dominicana
_vBiografías
_954449
651 4 _aRepública Dominicana
_xHistoria
_9170
700 1 _aRivera, Janley,
_eeditor.
_978500
700 1 _aHernández, Ángela,
_d1954-
_eprólogo.
_92564
910 _aValidado. Control de calidad MFF
942 _2ddc
_cLBS1
999 _c49787
_d49787